<?xml version="1.0" encoding="UTF-8"?>
<record
    xmlns:xsi="http://www.w3.org/2001/XMLSchema-instance"
    xsi:schemaLocation="http://www.loc.gov/MARC21/slim http://www.loc.gov/standards/marcxml/schema/MARC21slim.xsd"
    xmlns="http://www.loc.gov/MARC21/slim">

  <leader>00698nam a22001817a 4500</leader>
  <datafield tag="999" ind1=" " ind2=" ">
    <subfield code="c">75196</subfield>
    <subfield code="d">312473</subfield>
  </datafield>
  <controlfield tag="003">OSt</controlfield>
  <controlfield tag="005">20181217185322.0</controlfield>
  <controlfield tag="008">181217b    2017su a|||| |||| 00| 0 ara d</controlfield>
  <datafield tag="040" ind1=" " ind2=" ">
    <subfield code="a">Ma-Un</subfield>
    <subfield code="b">eng</subfield>
  </datafield>
  <datafield tag="082" ind1=" " ind2=" ">
    <subfield code="2">21</subfield>
    <subfield code="a">&#x639; &#x625; &#x639;</subfield>
    <subfield code="b">953.122</subfield>
  </datafield>
  <datafield tag="100" ind1=" " ind2=" ">
    <subfield code="a">&#x639;&#x628;&#x64A;&#x62F;&#x60C; &#x625;&#x628;&#x631;&#x627;&#x647;&#x64A;&#x645; &#x623;&#x62D;&#x645;&#x62F; &#x645;&#x643;&#x64A;</subfield>
    <subfield code="9">65059</subfield>
  </datafield>
  <datafield tag="245" ind1=" " ind2=" ">
    <subfield code="a">&#x627;&#x644;&#x639;&#x644;&#x645; &#x641;&#x64A; &#x645;&#x639;&#x631;&#x641;&#x629; &#x62D;&#x62F;&#x648;&#x62F; &#x627;&#x644;&#x62D;&#x631;&#x645; (&#x627;&#x644;&#x646;&#x628;&#x648;&#x64A;) /</subfield>
    <subfield code="c">&#x62A;&#x623;&#x644;&#x64A;&#x641; &#x625;&#x628;&#x631;&#x627;&#x647;&#x64A;&#x645; &#x623;&#x62D;&#x645;&#x62F; &#x645;&#x643;&#x64A; &#x639;&#x628;&#x64A;&#x62F;.</subfield>
  </datafield>
  <datafield tag="260" ind1=" " ind2=" ">
    <subfield code="a">&#x627;&#x644;&#x645;&#x62F;&#x64A;&#x646;&#x629; &#x627;&#x644;&#x645;&#x646;&#x648;&#x631;&#x629; :</subfield>
    <subfield code="b">&#x645;&#x643;&#x62A;&#x628;&#x629; &#x62F;&#x627;&#x631; &#x627;&#x644;&#x632;&#x645;&#x627;&#x646; &#x644;&#x644;&#x646;&#x634;&#x631; &#x648;&#x627;&#x644;&#x62A;&#x648;&#x632;&#x64A;&#x639;&#x60C;</subfield>
    <subfield code="c">2017</subfield>
    <subfield code="m">1439</subfield>
  </datafield>
  <datafield tag="300" ind1=" " ind2=" ">
    <subfield code="a">67 &#x635;. &#x61B;</subfield>
    <subfield code="c">22 &#x633;&#x645;.</subfield>
  </datafield>
  <datafield tag="650" ind1=" " ind2=" ">
    <subfield code="a">&#x627;&#x644;&#x645;&#x633;&#x62C;&#x62F; &#x627;&#x644;&#x646;&#x628;&#x648;&#x64A;</subfield>
    <subfield code="9">65060</subfield>
  </datafield>
  <datafield tag="650" ind1=" " ind2=" ">
    <subfield code="a">&#x627;&#x644;&#x645;&#x62F;&#x64A;&#x646;&#x629; &#x627;&#x644;&#x645;&#x646;&#x648;&#x631;&#x629;</subfield>
    <subfield code="9">65061</subfield>
  </datafield>
  <datafield tag="942" ind1=" " ind2=" ">
    <subfield code="c">BOOK</subfield>
  </datafield>
  <datafield tag="952" ind1=" " ind2=" ">
    <subfield code="1">0</subfield>
    <subfield code="2">2018-12-17</subfield>
    <subfield code="4">0</subfield>
    <subfield code="7">0</subfield>
    <subfield code="a">&#x639; &#x625; &#x639; 953.122</subfield>
    <subfield code="d">2018-12-17</subfield>
    <subfield code="h">CL</subfield>
    <subfield code="i">00800078</subfield>
    <subfield code="m">CL</subfield>
    <subfield code="r">2018-12-17 00:00:00</subfield>
    <subfield code="t">BOOK</subfield>
    <subfield code="w">ddc</subfield>
    <subfield code="y">0</subfield>
  </datafield>
  <datafield tag="952" ind1=" " ind2=" ">
    <subfield code="1">0</subfield>
    <subfield code="2">2018-12-17</subfield>
    <subfield code="4">0</subfield>
    <subfield code="7">0</subfield>
    <subfield code="a">&#x639; &#x625; &#x639; 953.122</subfield>
    <subfield code="d">2018-12-17</subfield>
    <subfield code="h">CL</subfield>
    <subfield code="i">00800079</subfield>
    <subfield code="m">CL</subfield>
    <subfield code="r">2018-12-17 00:00:00</subfield>
    <subfield code="t">BOOK</subfield>
    <subfield code="w">ddc</subfield>
    <subfield code="y">0</subfield>
  </datafield>
  <datafield tag="952" ind1=" " ind2=" ">
    <subfield code="1">0</subfield>
    <subfield code="2">2018-12-17</subfield>
    <subfield code="4">0</subfield>
    <subfield code="7">0</subfield>
    <subfield code="a">&#x639; &#x625; &#x639; 953.122</subfield>
    <subfield code="d">2018-12-17</subfield>
    <subfield code="h">CL</subfield>
    <subfield code="i">00800080</subfield>
    <subfield code="m">CL</subfield>
    <subfield code="r">2018-12-17 00:00:00</subfield>
    <subfield code="t">BOOK</subfield>
    <subfield code="w">ddc</subfield>
    <subfield code="y">0</subfield>
  </datafield>
  <datafield tag="952" ind1=" " ind2=" ">
    <subfield code="1">0</subfield>
    <subfield code="2">2018-12-17</subfield>
    <subfield code="4">0</subfield>
    <subfield code="7">0</subfield>
    <subfield code="a">&#x639; &#x625; &#x639; 953.122</subfield>
    <subfield code="d">2018-12-17</subfield>
    <subfield code="h">EZF</subfield>
    <subfield code="i">00800081</subfield>
    <subfield code="m">EZF</subfield>
    <subfield code="r">2018-12-17 00:00:00</subfield>
    <subfield code="t">BOOK</subfield>
    <subfield code="w">ddc</subfield>
    <subfield code="y">0</subfield>
  </datafield>
  <datafield tag="952" ind1=" " ind2=" ">
    <subfield code="1">0</subfield>
    <subfield code="2">2018-12-17</subfield>
    <subfield code="4">0</subfield>
    <subfield code="7">0</subfield>
    <subfield code="a">&#x639; &#x625; &#x639; 953.122</subfield>
    <subfield code="d">2018-12-17</subfield>
    <subfield code="h">EZF</subfield>
    <subfield code="i">00800082</subfield>
    <subfield code="m">EZF</subfield>
    <subfield code="r">2018-12-17 00:00:00</subfield>
    <subfield code="t">BOOK</subfield>
    <subfield code="w">ddc</subfield>
    <subfield code="y">0</subfield>
  </datafield>
  <datafield tag="952" ind1=" " ind2=" ">
    <subfield code="1">0</subfield>
    <subfield code="2">2018-12-17</subfield>
    <subfield code="4">0</subfield>
    <subfield code="7">0</subfield>
    <subfield code="a">&#x639; &#x625; &#x639; 953.122</subfield>
    <subfield code="d">2018-12-17</subfield>
    <subfield code="h">EMF</subfield>
    <subfield code="i">00800083</subfield>
    <subfield code="m">EMF</subfield>
    <subfield code="r">2018-12-17 00:00:00</subfield>
    <subfield code="t">BOOK</subfield>
    <subfield code="w">ddc</subfield>
    <subfield code="y">0</subfield>
  </datafield>
  <datafield tag="952" ind1=" " ind2=" ">
    <subfield code="1">0</subfield>
    <subfield code="2">2018-12-17</subfield>
    <subfield code="4">0</subfield>
    <subfield code="7">0</subfield>
    <subfield code="a">&#x639; &#x625; &#x639; 953.122</subfield>
    <subfield code="d">2018-12-17</subfield>
    <subfield code="h">EMF</subfield>
    <subfield code="i">00800084</subfield>
    <subfield code="m">EMF</subfield>
    <subfield code="r">2018-12-17 00:00:00</subfield>
    <subfield code="t">BOOK</subfield>
    <subfield code="w">ddc</subfield>
    <subfield code="y">0</subfield>
  </datafield>
  <datafield tag="952" ind1=" " ind2=" ">
    <subfield code="1">0</subfield>
    <subfield code="2">2018-12-17</subfield>
    <subfield code="4">0</subfield>
    <subfield code="7">0</subfield>
    <subfield code="a">&#x639; &#x625; &#x639; 953.122</subfield>
    <subfield code="d">2018-12-17</subfield>
    <subfield code="h">IC</subfield>
    <subfield code="i">00800085</subfield>
    <subfield code="m">IC</subfield>
    <subfield code="r">2018-12-17 00:00:00</subfield>
    <subfield code="t">BOOK</subfield>
    <subfield code="w">ddc</subfield>
    <subfield code="y">0</subfield>
  </datafield>
  <datafield tag="952" ind1=" " ind2=" ">
    <subfield code="1">0</subfield>
    <subfield code="2">2018-12-17</subfield>
    <subfield code="4">0</subfield>
    <subfield code="7">0</subfield>
    <subfield code="a">&#x639; &#x625; &#x639; 953.122</subfield>
    <subfield code="d">2018-12-17</subfield>
    <subfield code="h">IC</subfield>
    <subfield code="i">00800086</subfield>
    <subfield code="m">IC</subfield>
    <subfield code="r">2018-12-17 00:00:00</subfield>
    <subfield code="t">BOOK</subfield>
    <subfield code="w">ddc</subfield>
    <subfield code="y">0</subfield>
  </datafield>
  <datafield tag="952" ind1=" " ind2=" ">
    <subfield code="1">0</subfield>
    <subfield code="2">2018-12-17</subfield>
    <subfield code="4">0</subfield>
    <subfield code="7">0</subfield>
    <subfield code="a">&#x639; &#x625; &#x639; 953.122</subfield>
    <subfield code="d">2018-12-17</subfield>
    <subfield code="h">IC</subfield>
    <subfield code="i">00800087</subfield>
    <subfield code="m">IC</subfield>
    <subfield code="r">2018-12-17 00:00:00</subfield>
    <subfield code="t">BOOK</subfield>
    <subfield code="w">ddc</subfield>
    <subfield code="y">0</subfield>
  </datafield>
</record>
